000 00625nam a2200205 4500
001 116403
003 ES-MaACL
005 20230906190711.0
007 t|
008 061121s1973 sp r ||||1| spa d
100 1 _aParra, Gregorio.
_989228
245 1 3 _aLa gravedad de tu silencio
_b: poemas /
_cGregorio Parra.
260 _aBarcelona :
_b[s.n.[,
_c1973 (
_fVda. de Juan Sabater Bros)
300 _a47 p. ;
_c24 cm.
490 1 _avilano al viento ;
_v1
830 0 _avilano al viento ;
_v1
_9233307
852 _aES-MaACL
_j2083-F-37
_bR.87077
852 _aES-MaACL
_j2083-F-35
_bR.87453
999 _c116403
_d116403